On the determinants of interest rate swap usage by large Indian companies (Record no. 91139)

000 -LEADER
fixed length control field 00464pab a2200169 454500
008 - FIXED-LENGTH DATA ELEMENTS--GENERAL INFORMATION
fixed length control field 180718b2010--2011 xxu||||| |||| 00| 0 eng d
100 ## - MAIN ENTRY--PERSONAL NAME
Personal name Charumathi, B.
245 ## - TITLE STATEMENT
Title On the determinants of interest rate swap usage by large Indian companies
260 ## - PUBLICATION, DISTRIBUTION, ETC.
Date of publication, distribution, etc. 2010--2011
300 ## - PHYSICAL DESCRIPTION
Extent p.64-88.
362 ## - DATES OF PUBLICATION AND/OR SEQUENTIAL DESIGNATION
Dates of publication and/or sequential designation Oct-Mar
650 ## - SUBJECT ADDED ENTRY--TOPICAL TERM
Topical term or geographic name entry element Interest rates
700 ## - ADDED ENTRY--PERSONAL NAME
Personal name Kota, Hima Bindu
773 ## - HOST ITEM ENTRY
Main entry heading Journal of Accounting and Finance
908 ## - PUT COMMAND PARAMETER (RLIN)
Put command parameter N
909 ## -
-- 91139
Holdings
Withdrawn status Lost status Damaged status Not for loan Permanent Location Current Location Date acquired Serial Enumeration / chronology Barcode Date last seen Price effective from Koha item type
        Indian Institute of Public Administration Indian Institute of Public Administration 2018-07-19 Volume no: 25, Issue no: 1 AR91599 2018-07-19 2018-07-19 Articles

Powered by Koha